Where Are They From - City #4 - Statistics

General Stats
  • This quiz has been taken 51 times
  • The average score is 7 of 12
Answer Stats
Hint Answer % Correct
Ferenc Puskás, Barbara Palvin, Harry Houdini, Zsa Zsa Gábor Budapest
86%
Paolo Maldini, Caravaggio, Allegra Versace, Silvio Berlusconi Milan
82%
Niels Bohr, Kasper Schmeichel, Lukas Forchhammer, Stephanie Corneliussen Copenhagen
75%
Roald Dahl, Ryan Giggs, Charlotte Church, Tanni Grey-Thompson Cardiff
68%
Elon Musk, Faf du Plessis, Arnold Vosloo, Glynis Johns Pretoria
64%
Trevor Noah, Dave Matthews, Miriam Makeba, Kevin Anderson Johannesburg
61%
Felipe Massa, Alice Braga, Cafu, Caroline Celico Sao Paulo
57%
Shaggy, Chris Gayle, Mary Seacole, Shelly-Ann Fraser-Pryce Kingston
52%
Charles de Gaulle, Raphaël Varane, Philippe Noiret, Ana Tijoux Lille
48%
Michael J. Fox, Nathan Fillion, Scott Niedermayer, Jill Hennessy Edmonton
43%
Samuel L. Jackson, Marvin Gaye, Stephen Colbert, Goldie Hawn Washington DC
30%
I. M. Pei, Donnie Yen, Vivienne Tam, Wengie Guangzhou
27%
No matching quizzes found
Score Distribution
Percent of People with Each Score
Percentile by Number Answered
Your Score History
You have not taken this quiz